Periodická tabulka prvků (In latin or czech) - Statistics

General Stats
  • This quiz has been taken 1 717 times
  • The average score is 54 of 118
Answer Stats
# Symbol Prvek % Correct
1 H Vodík
98%
2 He Helium
96%
8 O Kyslík
94%
3 Li Lithium
93%
12 Mg Hořčík
92%
26 Fe Železo
92%
79 Au Zlato
92%
7 N Dusík
90%
47 Ag Stříbro
90%
11 Na Sodík
89%
5 B Bor
88%
13 Al Hliník
87%
29 Cu Měď
87%
16 S Síra
87%
30 Zn Zinek
87%
35 Br Brom
86%
6 C Uhlík
86%
17 Cl Chlor
85%
19 K Draslík
85%
28 Ni Nikl
85%
20 Ca Vápník
85%
15 P Fosfor
84%
14 Si Křemík
82%
25 Mn Mangan
82%
9 F Fluor
81%
10 Ne Neon
78%
22 Ti Titan
78%
53 I Jod
77%
27 Co Kobalt
77%
80 Hg Rtuť
77%
82 Pb Olovo
75%
18 Ar Argon
72%
33 As Arsen
71%
24 Cr Chrom
70%
34 Se Selen
70%
4 Be Beryllium
69%
54 Xe Xenon
69%
92 U Uran
68%
32 Ge Germanium
67%
50 Sn Cín
65%
78 Pt Platina
65%
23 V Vanad
63%
85 At Astat
61%
87 Fr Francium
58%
36 Kr Krypton
58%
31 Ga Gallium
57%
76 Os Osmium
56%
88 Ra Radium
55%
74 W Wolfram
55%
86 Rn Radon
54%
52 Te Tellur
54%
55 Cs Cesium
51%
37 Rb Rubidium
51%
38 Sr Stroncium
49%
49 In Indium
48%
42 Mo Molybden
46%
56 Ba Baryum
44%
83 Bi Bismut
44%
77 Ir Iridium
43%
48 Cd Kadmium
43%
84 Po Polonium
42%
46 Pd Palladium
40%
40 Zr Zirkonium
37%
51 Sb Antimon
36%
45 Rh Rhodium
36%
99 Es Einsteinium
34%
41 Nb Niob
34%
73 Ta Tantal
33%
21 Sc Skandium
32%
72 Hf Hafnium
29%
94 Pu Plutonium
29%
81 Tl Thallium
29%
95 Am Americium
28%
39 Y Yttrium
28%
57 La Lanthan
26%
58 Ce Cer
25%
63 Eu Europium
25%
43 Tc Technecium
23%
44 Ru Ruthenium
22%
89 Ac Aktinium
21%
59 Pr Praseodym
21%
93 Np Neptunium
20%
75 Re Rhenium
19%
90 Th Thorium
19%
102 No Nobelium
18%
98 Cf Kalifornium
16%
101 Md Mendelevium
16%
104 Rf Rutherfordium
15%
70 Yb Ytterbium
15%
96 Cm Curium
14%
68 Er Erbium
14%
103 Lr Lawrencium
14%
71 Lu Lutecium
13%
118 Og Oganesson
13%
67 Ho Holmium
12%
60 Nd Neodym
12%
105 Db Dubnium
11%
111 Rg Roentgenium
11%
97 Bk Berkelium
10%
100 Fm Fermium
10%
62 Sm Samarium
10%
107 Bh Bohrium
9%
66 Dy Dysprosium
9%
65 Tb Terbium
9%
64 Gd Gadolinium
8%
108 Hs Hassium
8%
115 Mc Moscovium
8%
61 Pm Promethium
7%
69 Tm Thulium
7%
113 Nh Nihonium
6%
112 Cn Copernicium
5%
114 Fl Flerovium
5%
116 Lv Livermorium
5%
109 Mt Meitnerium
5%
91 Pa Protaktinium
5%
117 Ts Tennesine
5%
110 Ds Darmstadtium
4%
106 Sg Scaborgium
1%
No matching quizzes found
Score Distribution
Percent of People with Each Score
Percentile by Number Answered
Your Score History
You have not taken this quiz